header

The spiritual history of ice (Record no. 85545)

MARC details
000 -LEADER
fixed length control field 01734nam a2200421Ia 4500
100 1# - MAIN ENTRY--AUTHOR NAME
Personal name Wilson, Eric,
245 14 - TITLE STATEMENT
Title The spiritual history of ice
250 ## - EDITION STATEMENT
Edition statement 1st ed.
260 ## - PUBLICATION, DISTRIBUTION, ETC. (IMPRINT)
Place of publication New York :
Name of publisher Palgrave Macmillan,
Year of publication 2003.
300 ## - PHYSICAL DESCRIPTION
Number of Pages viii, 278 p.
505 0# - FORMATTED CONTENTS NOTE
Formatted contents note Frozen apocalypse -- Crystals -- Glaciers -- The poles -- Melting and genesis.
650 #0 - SUBJECT ADDED ENTRY--TOPICAL TERM
Topical Term American literature
Topical Term Ice in literature.
Topical Term English literature
Topical Term Literature and science
Topical Term Romanticism
Topical Term Crystals in literature.
Topical Term Glaciers in literature.
856 40 - ELECTRONIC LOCATION AND ACCESS
Uniform Resource Identifier http://site.ebrary.com/lib/rucke/Doc?id=10135539

No items available.

© 2026 Rongo University
Contact us: librarian | system librarian | Rongo university